000 00613nam a2200229Ia 4500
003 OSt
005 20220928135337.0
006 a|||||r|||| 00| 0
007 ta
008 220927b |||||||| |||| 00| 0 eng d
024 _a1341
037 _cTextual
040 _aSDCL
_cSDCL
_beng
041 _2eng
_aeng
082 _aX:3270k95.5 'N7, L9
100 _aRothwell Roy
_9409254
245 0 _aTechnical change and employment
260 _c1979
700 _a Zegveld Walter
_9409255
942 _hX:3270k95.5 'N7, L9
_cTEXL
_2CC
999 _c805195
_d805195